Primi 15 paesi interessati da Covid-19 - 3 settembre - Statistics

Statistiche generali
  • Questo quiz è stato fatto 4 volte
  • Il punteggio medio è 4 su 24
Statistiche sulle risposte
paese % Corretto
Russia
100%
Stati Uniti
100%
Brasile
67%
Arabia Saudita
33%
Argentina
33%
Regno Unito
33%
Spagna
33%
Armenia
0%
Bahrain
0%
Bangladesh
0%
Bolivia
0%
Cile
0%
Cile
0%
Colombia
0%
India
0%
Iran
0%
Israele
0%
Kuwait
0%
Messico
0%
Oman
0%
Panama
0%
Perù
0%
Qatar
0%
Sudafrica
0%
Nessun quiz corrispondente trovato
Distribuzione punteggi
Percentuale di utenti per punteggio
Percentile per numero di risposta
I tuoi punteggi nel tempo
Non hai fatto questo quiz